The infinite cosmos : (Record no. 8731)

MARC details
000 -LEADER
fixed length control field 01294cam a22003377a 4500
001 - CONTROL NUMBER
control field 14451838
003 - CONTROL NUMBER IDENTIFIER
control field OSt
005 - DATE AND TIME OF LATEST TRANSACTION
control field 20240624110608.0
008 - FIXED-LENGTH DATA ELEMENTS--GENERAL INFORMATION
fixed length control field 060714s2006 enka 001 0 eng d
010 ## - LIBRARY OF CONGRESS CONTROL NUMBER
LC control number 2006279365
015 ## - NATIONAL BIBLIOGRAPHY NUMBER
National bibliography number GBA581558
Source bnb
016 7# - NATIONAL BIBLIOGRAPHIC AGENCY CONTROL NUMBER
Record control number 013300984
Source Uk
020 ## - INTERNATIONAL STANDARD BOOK NUMBER
International Standard Book Number 9780198505105
020 ## - INTERNATIONAL STANDARD BOOK NUMBER
International Standard Book Number 0198505108
035 ## - SYSTEM CONTROL NUMBER
System control number (OCoLC)ocm61756536
040 ## - CATALOGING SOURCE
Original cataloging agency UKM
Transcribing agency MUST
Modifying agency BWKUK
-- BAKER
-- IXA
-- DLC
042 ## - AUTHENTICATION CODE
Authentication code lccopycat
082 04 - DEWEY DECIMAL CLASSIFICATION NUMBER
Classification number 532.05 VER 2007
100 1# - MAIN ENTRY--PERSONAL NAME
Personal name Silk, Joseph,
Dates associated with a name 1942-
9 (RLIN) 8147
245 14 - TITLE STATEMENT
Title The infinite cosmos :
Remainder of title questions from the frontiers of cosmology /
Statement of responsibility, etc. Joseph Silk.
260 ## - PUBLICATION, DISTRIBUTION, ETC. (IMPRINT)
Place of publication, distribution, etc. Oxford ;
-- New York :
Name of publisher, distributor, etc. Oxford University Press,
Date of publication, distribution, etc. 2007.
300 ## - PHYSICAL DESCRIPTION
Extent 248 p. :
Other physical details ill. ;
Dimensions 24 cm.
500 ## - GENERAL NOTE
General note Includes index.
650 #0 - SUBJECT ADDED ENTRY--TOPICAL TERM
Topical term or geographic name as entry element Cosmology.
9 (RLIN) 3606
856 41 - ELECTRONIC LOCATION AND ACCESS
Materials specified Table of contents only
Uniform Resource Identifier http://www.loc.gov/catdir/toc/fy0611/2006279365.html
856 42 - ELECTRONIC LOCATION AND ACCESS
Materials specified Contributor biographical information
Uniform Resource Identifier http://www.loc.gov/catdir/enhancements/fy0726/2006279365-b.html
856 42 - ELECTRONIC LOCATION AND ACCESS
Materials specified Publisher description
Uniform Resource Identifier http://www.loc.gov/catdir/enhancements/fy0726/2006279365-d.html
906 ## - LOCAL DATA ELEMENT F, LDF (RLIN)
a 7
b cbc
c copycat
d 2
e ncip
f 20
g y-gencatlg
942 ## - ADDED ENTRY ELEMENTS (KOHA)
Source of classification or shelving scheme Dewey Decimal Classification
Koha item type Open Shelf
Holdings
Withdrawn status Lost status Source of classification or shelving scheme Damaged status Not for loan Home library Current library Date acquired Source of acquisition Inventory number Total Checkouts Full call number Barcode Date last seen Price effective from Koha item type
    Dewey Decimal Classification     MUST Main Library MUST Main Library 24/06/2024 Purchase 2011/32874   532.05 VER 2007 2024-21067 24/06/2024 24/06/2024 Open Shelf